• 首页
  • 本馆介绍
  • 公告通知
  • 最新文献
  • 馆藏检索
  • 电子资源
  • 读者导购
  • 参考咨询
  • 我的图书馆
  • 登录
  • 详细信息显示
  • 放入我的书架
  • 预约/预借图书
  • 作者相关作品
  • 分类相关作品
  • 丛书相关作品
  • 出版社相关作品

书目信息

  • 表格格式
  • 工作单格式
  • 卡片格式
题名:
《阿Q正传》评析
    
 
作者: 刘少影 主编
分册:  
出版信息: 沈阳   辽海出版社  2019
页数: 250页
开本: 21cm
丛书名: 鲁迅经典
单 册:
中图分类: I210.976
科图分类:
主题词: 鲁迅小说--小说评论
电子资源:
ISBN: 978-7-5451-5265-4
000 01009nam2 2200253 4545
001 012001007934
005 20131021162917.0
010    @a978-7-5451-5265-4@dCNY38.00
100    @a20190528d2019 em y0chiy50 ea
101 0  @achi
102    @aCN@b210000
105    @ay z 000yy
106    @ar
200 1  @a《阿Q正传》评析@9《 a Q zheng zhuan 》 ping xi@b专著@f刘少影主编
210    @a沈阳@c辽海出版社@d2019
215    @a250页@d21cm
225 2  @a鲁迅经典
330    @a本书分原著和评析两部分。原著以辛亥革命前后的一个闭塞落后的江南村庄为历史舞台,以主人公阿Q的活动为线索,以批判阿Q的病态心理精神胜利法为重点来组织材料,同时着眼于辛亥革命这一个重大的历史事件,塑造了阿Q这个形象,使他既具有鲜明的个性特征,又具有深刻的典型意义。本书除了收录原书外,还对原书进行了评论和解读,以引导读者更好地理解领会原著。
461  0 @12001 @a鲁迅经典
606 0  @a鲁迅小说@x小说评论
690    @aI210.976@v5
701  0 @a刘少影@9liu shao ying@4主编
801  2 @aCN@b上海新华@c20191020
905    @b1177613-6@dI210.976@e373@f4
    
    《阿Q正传》评析/刘少影主编.-沈阳:辽海出版社,2019
    250页;21cm.-(鲁迅经典)
    
    
    ISBN 978-7-5451-5265-4:CNY38.00
    本书分原著和评析两部分。原著以辛亥革命前后的一个闭塞落后的江南村庄为历史舞台,以主人公阿Q的活动为线索,以批判阿Q的病态心理精神胜利法为重点来组织材料,同时着眼于辛亥革命这一个重大的历史事件,塑造了阿Q这个形象,使他既具有鲜明的个性特征,又具有深刻的典型意义。本书除了收录原书外,还对原书进行了评论和解读,以引导读者更好地理解领会原著。
●
相关链接 在E读中查询图书 在五车中查询图书 在当当中查询图书 在豆瓣中查询图书


正题名:《阿Q正传》评析     索取号:I210.976/373         预约/预借

序号 登录号 条形码 馆藏地/架位号 状态 备注
1 1177613   211776130   第一样本阅览室/ [索取号:I210.976/373] 在馆    
2 1177614   211776149   第二借阅区/ [索取号:I210.976/373] 在馆    
3 1177615   211776158   第二借阅区/ [索取号:I210.976/373] 在馆    
4 1177616   211776167   第二借阅区/ [索取号:I210.976/373] 在馆    
唐山师范学院图书馆 欢迎您!
大连网信软件有限公司© 版权所有